| 000 | 00000nam##2200000za#4500 |
| 001 | 9.651203 |
| 003 | CaOODSP |
| 005 | 20210929082800 |
| 007 | ta |
| 008 | 150407|2005||||xxc||||| f|0| 0 eng|d |
| 020 | |a0-9737807-2-X |
| 040 | |aCaOODSP|beng |
| 043 | |an-cn--- |
| 086 | 1 |aFo4-14/7-2005E |
| 110 | 1 |aCanada. |bNatural Resources Canada. |bCanadian Forest Service. |
| 245 | 14|aThe boreal forest : |ba global legacy / |c[Published by] Canadian Forestry Association. |
| 246 | 3 |aTeaching kit. Volume 7, The boreal forest |
| 260 | |aOttawa - Ontario : |bNatural Resources Canada. |cc2005. |
| 300 | |a48p. : |bglossary, illus., maps, photographs ; |c28 cm. + |eA bilingual full-colour poster under title: Canada's boreal forest. |
| 500 | |aTo order free copies of the CFA Teaching Kit series, please visit the website at the URL indicated below. |
| 520 | 3 |aProvides educators with the tools to help young people better understand the value of forests and the importance of protecting and conserving them. |
| 563 | |aSoftcover |
| 590 | |a08-19|b2008-05-09 |
| 775 | 08|tLa forêt boréale : |w(CaOODSP)9.684247 |
| 776 | 0#|tThe boreal forest : |w(CaOODSP)9.696803 |